The Colombian economy : (Registro nro. 5609)
[ vista simple ]
| 000 -LEADER | |
|---|---|
| fixed length control field | 01215nam a2200241Ia 4500 |
| 003 - CONTROL NUMBER IDENTIFIER | |
| control field | OSt |
| 005 - DATE AND TIME OF LATEST TRANSACTION | |
| control field | 20200715170717.0 |
| 008 - FIXED-LENGTH DATA ELEMENTS--GENERAL INFORMATION | |
| fixed length control field | 191128s1995 ck ad gr 000 0dspa d |
| 040 ## - CATALOGING SOURCE | |
| Original cataloging agency | CO-JMCR |
| Transcribing agency | CO-JMCR |
| 041 0# - LANGUAGE CODE | |
| Language code of text/sound track or separate title | spa |
| 082 04 - DEWEY DECIMAL CLASSIFICATION NUMBER | |
| Classification number | 330.9861 / |
| Item number | F981c |
| Edition number | 23 |
| 110 1# - MAIN ENTRY--CORPORATE NAME | |
| Corporate name or jurisdiction name as entry element | Colombia. Fundación para la Educación Superior y el Desarrollo |
| 9 (RLIN) | 6948 |
| 245 14 - TITLE STATEMENT | |
| Title | The Colombian economy : |
| Remainder of title | a survey structural characteristics, recent reforms, and medium term perspectives / |
| Statement of responsibility, etc. | Fundación para la Educación Superior y el Desarrollo, Federación Nacional de Cafeteros de Colombia |
| 260 ## - PUBLICATION, DISTRIBUTION, ETC. | |
| Place of publication, distribution, etc. | Bogotá : |
| Name of publisher, distributor, etc. | Fundación para la Educación Superior y el Desarrollo : Federación Nacional de Cafeteros de Colombia |
| Date of publication, distribution, etc. | 1995. |
| 300 ## - PHYSICAL DESCRIPTION | |
| Extent | [90] páginas : |
| Other physical details | gráficas a blanco y negro ; |
| Dimensions | 28 cm. |
| 500 ## - GENERAL NOTE | |
| General note | Bibliografía páginas 69-71. |
| 505 0# - FORMATTED CONTENTS NOTE | |
| Formatted contents note | External sector -- Trade agreements -- Foreign Capital and foreign exchange market -- State reform -- Sectors with prominent perspectives for investment |
| 534 ## - ORIGINAL VERSION NOTE | |
| Introductory phrase | Texto en inglés |
| 650 14 - SUBJECT ADDED ENTRY--TOPICAL TERM | |
| Topical term or geographic name entry element | Historia económica |
| 9 (RLIN) | 7356 |
| 650 14 - SUBJECT ADDED ENTRY--TOPICAL TERM | |
| Topical term or geographic name entry element | Comercio |
| General subdivision | Historia |
| Geographic subdivision | Colombia |
| 9 (RLIN) | 7352 |
| 711 1# - ADDED ENTRY--MEETING NAME | |
| Meeting name or jurisdiction name as entry element | Federación Nacional de Cafeteros de Colombia, |
| Subordinate unit | autor |
| 9 (RLIN) | 7357 |
| 942 ## - ADDED ENTRY ELEMENTS (KOHA) | |
| Source of classification or shelving scheme | Dewey Decimal Classification |
| Koha item type | Books |
| Withdrawn status | Lost status | Source of classification or shelving scheme | Materials specified (bound volume or other part) | Damaged status | Not for loan | Home library | Current library | Shelving location | Date acquired | Source of acquisition | Full call number | Barcode | Date last seen | Copy number | Price effective from | Koha item type |
|---|---|---|---|---|---|---|---|---|---|---|---|---|---|---|---|---|
| Dewey Decimal Classification | Donación--15/04/2019-- | Biblioteca Pública José María del Castillo y Rada | Biblioteca Pública José María del Castillo y Rada | General Stacks | 11/28/2019 | Donación | 330.9861 / F981c | 430002621 | 05/16/2024 | Ej.1 | 11/28/2019 | Books |